000 00251nam a22001097a 4500
008 170111b xxu||||| |||| 00| 0 eng d
020 _a9780201002997
041 _aeng
080 _a618.2
245 _aFROM NOVICE TO EXPERT
_cBENNER, P
942 _2udc
_cBK
999 _c2706
_d2706